000 00621nam a2200241 a 4500
001 nice12345678
003 IN_TiNIC
005 20260116014547.0
008 050524s1997 dela grp 000 0 eng
020 _a8185220
_c165
082 0 0 _a291.22
_bANS
100 _aAnsari, Iqbal A
245 _aConcept of Man in Comparative Perspective
260 _aDelhi
_bInstt.Of Objective Studies
_c1997
300 _a216p
500 _aincludes index and biblioraphy
505 2 _aSelect Bibliography
650 _aMan-Religion
700 1 _aAnsari, Iqbal A
902 _bSRS
942 _cBK
999 _c15978
_d15978